[Event "DEN-chT 2122 59th"]
[Site "Denmark"]
[Date "2022.03.20"]
[Round "9.4"]
[White "Rendboe, John Filip"]
[Black "Nielsen, Lars Aaes"]
[Result "1/2-1/2"]
[WhiteElo "2169"]
[BlackElo "2184"]
[PlyCount "21"]
[EventDate "2021.10.30"]
[EventType "team-tourn"]
[EventRounds "9"]
[EventCountry "DEN"]
[SourceTitle "EXT 2023"]
[Source "ChessBase"]
[SourceDate "2022.10.05"]
[SourceVersion "1"]
[SourceVersionDate "2022.10.05"]
[SourceQuality "1"]
[WhiteTeam "Aarhus/Skolerne"]
[BlackTeam "Nordkallotten"]
[WhiteTeamCountry "DEN"]
[BlackTeamCountry "DEN"]

1. d4 e6 2. Nf3 d5 3. c4 a6 4. cxd5 exd5 5. Nc3 Nf6 6. Bg5 Be7 7. e3 c6 8. Bd3 Nbd7 9. 0-0 0-0 10. Qc2 h6 11. Bh4 1/2-1/2

[Event "EU-Cup Online Gr-I"]
[Site "Tornelo INT"]
[Date "2021.03.28"]
[Round "5.4"]
[White "Stinka, Jakub"]
[Black "Rendboe, John Filip"]
[Result "1-0"]
[WhiteElo "2232"]
[BlackElo "2169"]
[PlyCount "85"]
[EventDate "2021.03.27"]
[EventType "team-tourn (rapid)"]
[EventRounds "9"]
[EventCountry "NET"]
[SourceTitle "CBM 201 Extra"]
[Source "ChessBase"]
[SourceDate "2021.05.31"]
[SourceVersion "1"]
[SourceVersionDate "2021.05.31"]
[SourceQuality "1"]
[WhiteTeam "Bohemian Fire"]
[BlackTeam "Aarhus Skolerne"]
[WhiteTeamCountry "CZE"]
[BlackTeamCountry "DEN"]

1. d4 Nf6 2. c4 e6 3. Nf3 d5 4. Nc3 Be7 5. Bg5 0-0 6. e3 h6 7. Bh4 b6 8. cxd5 Nxd5 9. Bxe7 Qxe7 10. Nxd5 exd5 11. Rc1 Bb7 12. Bd3 c5 13. dxc5 bxc5 14. 0-0 Nc6 15. Bb1 Nb4 16. a3 Na6 17. Qd3 g6 18. Rfd1 Rfd8 19. Re1 Rab8 20. h4 h5 21. Qe2 Qf6 22. Ng5 Bc8 23. Rc3 Re8 24. e4 Bg4 25. f3 Bd7 26. Qf2 Qb6 27. Rc2 d4 28. Rd2 Nc7 29. f4 Ne6 30. Nxe6 Bxe6 31. f5 Bb3 32. e5 Rbd8 33. e6 fxe6 34. fxg6 Rf8 35. Qe2 c4 36. Qxh5 d3+ 37. Kh1 Qb7 38. Qe5 Qd5 39. Qg3 Rf5 40. Kh2 Rdf8 41. Bxd3 cxd3 42. Rxd3 Qa5 43. g7 1-0

[Event "EU-Cup Online Gr-I"]
[Site "Tornelo INT"]
[Date "2021.03.27"]
[Round "2.4"]
[White "Atalik, Ekaterina"]
[Black "Rendboe, John Filip"]
[Result "1-0"]
[WhiteElo "2430"]
[BlackElo "2169"]
[PlyCount "77"]
[EventDate "2021.03.27"]
[EventType "team-tourn (rapid)"]
[EventRounds "9"]
[EventCountry "NET"]
[SourceTitle "CBM 201 Extra"]
[Source "ChessBase"]
[SourceDate "2021.05.31"]
[SourceVersion "1"]
[SourceVersionDate "2021.05.31"]
[SourceQuality "1"]
[WhiteTeam "Schwaebisch Hall (W)"]
[BlackTeam "Aarhus Skolerne"]
[WhiteTeamCountry "GER"]
[BlackTeamCountry "DEN"]

1. d4 d5 2. c4 e6 3. Nc3 Be7 4. Nf3 Nf6 5. g3 0-0 6. Bg2 b6 7. cxd5 exd5 8. 0-0 Bb7 9. Bf4 Nh5 10. Rc1 Nxf4 11. gxf4 Nd7 12. Ne5 Nf6 13. e3 a6 14. Qc2 Rc8 15. Rfd1 Qd6 16. Ne2 Ne4 17. Ng3 Nxg3 18. hxg3 c5 19. dxc5 Rxc5 20. Qf5 Bc8 21. Qd3 Bf6 22. Rxc5 bxc5 23. Qxd5 Qb6 24. b3 Be6 25. Qe4 Qa5 26. Qc2 Rd8 27. Rxd8+ Qxd8 28. Be4 Bxe5 29. fxe5 Qc7 30. Qd2 g6 31. f4 h5 32. Kf2 Kg7 33. Bf3 Qb6 34. Qc3 a5 35. Be2 Bd5 36. Bd3 Be6 37. Be4 Qb5 38. Bd3 Qb6 39. Bc4 1-0

[Event "DEN-chT 1920 58th"]
[Site "Denmark"]
[Date "2020.09.05"]
[Round "8.2"]
[White "Erichsen, Dan"]
[Black "Rendboe, John Filip"]
[Result "0-1"]
[WhiteElo "2068"]
[BlackElo "2119"]
[PlyCount "52"]
[EventDate "2019.11.23"]
[EventType "team-tourn"]
[EventRounds "9"]
[EventCountry "DEN"]
[SourceTitle "EXT 2021"]
[Source "ChessBase"]
[SourceDate "2020.10.23"]
[SourceVersion "1"]
[SourceVersionDate "2020.10.23"]
[SourceQuality "1"]
[WhiteTeam "Hillerod"]
[BlackTeam "Aarhus/Skolerne"]
[WhiteTeamCountry "DEN"]
[BlackTeamCountry "DEN"]

1. e4 c5 2. Nf3 Nc6 3. d4 cxd4 4. Nxd4 e5 5. Nb5 d6 6. N1c3 a6 7. Na3 Be6 8. Bc4 Nf6 9. Bg5 Be7 10. Bxf6 Bxf6 11. Bxe6 fxe6 12. Qg4 Qe7 13. 0-0-0 0-0 14. Nc4 Nd4 15. h4 b5 16. Ne3 Rac8 17. Kb1 b4 18. Ne2 a5 19. Rd3 Qf7 20. Nxd4 exd4 21. Nf1 Be5 22. Rf3 h5 23. Qg5 Bf4 24. Qb5 Qg6 25. Qe2 Qxg2 26. Rfh3 Be5 0-1

[Event "DEN-chT 1819 57th"]
[Site "Denmark"]
[Date "2019.03.16"]
[Round "8.2"]
[White "Vasli, Aref"]
[Black "Rendboe, John Filip"]
[Result "1/2-1/2"]
[WhiteElo "2225"]
[BlackElo "2103"]
[PlyCount "122"]
[EventDate "2018.10.27"]
[EventType "team-tourn"]
[EventRounds "9"]
[EventCountry "DEN"]
[SourceTitle "CBM 189 Extra"]
[Source "ChessBase"]
[SourceDate "2019.06.03"]
[SourceVersion "1"]
[SourceVersionDate "2019.06.03"]
[SourceQuality "1"]
[WhiteTeam "Bronshoj"]
[BlackTeam "Aarhus/Skolerne"]
[WhiteTeamCountry "DEN"]
[BlackTeamCountry "DEN"]

1. e4 c5 2. Nf3 Nc6 3. d4 cxd4 4. Nxd4 e5 5. Nb5 Nf6 6. N1c3 d6 7. a4 a6 8. Na3 Bg4 9. Qd3 Nb4 10. Qg3 Be7 11. Bc4 Rc8 12. 0-0 0-0 13. Bb3 Qd7 14. Bg5 Nh5 15. Qh4 Bxg5 16. Qxg5 Nf4 17. f3 Be6 18. Rad1 Nbd3 19. Rxd3 Bxb3 20. Rd2 Bxa4 21. Rfd1 Ne6 22. Qf5 Nd4 23. Qxd7 Bxd7 24. Nd5 Rce8 25. Nb6 Bc6 26. c3 Nb5 27. Nxb5 Bxb5 28. Rxd6 f5 29. exf5 Rxf5 30. Nd5 Bc6 31. Nb4 Bb5 32. Rb6 Rf7 33. b3 Rc8 34. c4 Be8 35. Re6 b5 36. c5 a5 37. Nd5 Kf8 38. Rc1 a4 39. b4 a3 40. Ra6 Bc6 41. Nc3 Rf4 42. Rb1 Rc4 43. Rxa3 Rd8 44. Ne2 e4 45. Kf2 Rd3 46. Rxd3 exd3 47. Nc1 Rxb4 48. Nb3 Kf7 49. Ke3 Bd7 50. Nd2 Rxb1 51. Nxb1 Kf6 52. Nc3 g5 53. Ne4+ Ke5 54. Kxd3 Bf5 55. Kc3 g4 56. Nd6 gxf3 57. Nxf5 fxg2 58. Nh4 g1N 59. Kb4 Kd5 60. Kxb5 Ne2 61. Nf3 Nc3+ 1/2-1/2

[Event "Bronshoj Lang Weekend"]
[Site "Copenhagen"]
[Date "2019.02.09"]
[Round "2"]
[White "Rendboe, John Filip"]
[Black "Hoi, Carsten"]
[Result "1/2-1/2"]
[WhiteElo "2156"]
[BlackElo "2370"]
[PlyCount "56"]
[EventDate "2019.02.08"]
[EventType "swiss"]
[EventRounds "7"]
[EventCountry "DEN"]
[SourceTitle "CBM 189 Extra"]
[Source "ChessBase"]
[SourceDate "2019.06.03"]
[SourceVersion "1"]
[SourceVersionDate "2019.06.03"]
[SourceQuality "1"]

1. d4 d5 2. c4 dxc4 3. e3 e5 4. Bxc4 Nc6 5. d5 Nce7 6. Qb3 Nf5 7. Bb5+ Ke7 8. Nf3 f6 9. Nc3 Nd6 10. e4 a6 11. Be2 Bd7 12. Be3 g6 13. Nd2 Bh6 14. Nc4 Bxe3 15. Nxe3 Nh6 16. Rc1 b5 17. a4 Qb8 18. axb5 axb5 19. Qb4 Rc8 20. 0-0 Qb6 21. Ra1 Nhf7 22. Nc2 h5 23. Rfe1 h4 24. h3 Ng5 25. Rxa8 Rxa8 26. Bf1 Kd8 27. Re3 Kc8 28. Bd3 Kd8 1/2-1/2

[Event "DEN-chT 1819 57th"]
[Site "Denmark"]
[Date "2019.01.12"]
[Round "5.1"]
[White "Brorsen, Jacob Abildlund"]
[Black "Rendboe, John Filip"]
[Result "1/2-1/2"]
[WhiteElo "2147"]
[BlackElo "2103"]
[PlyCount "57"]
[EventDate "2018.10.27"]
[EventType "team-tourn"]
[EventRounds "9"]
[EventCountry "DEN"]
[SourceTitle "CBM 188 Extra"]
[Source "ChessBase"]
[SourceDate "2019.02.26"]
[SourceVersion "1"]
[SourceVersionDate "2019.02.26"]
[SourceQuality "1"]
[WhiteTeam "BMS"]
[BlackTeam "Aarhus/Skolerne"]
[WhiteTeamCountry "DEN"]
[BlackTeamCountry "DEN"]

1. e4 c5 2. Nf3 Nc6 3. d4 cxd4 4. Nxd4 Nf6 5. Nc3 e5 6. Ndb5 d6 7. Nd5 Nxd5 8. exd5 Ne7 9. c4 Nf5 10. Bd3 Be7 11. Nc3 0-0 12. 0-0 g6 13. a4 a5 14. Ra3 Bg5 15. Nb5 Bxc1 16. Qxc1 Re8 17. Re1 Bd7 18. Bxf5 Bxf5 19. Qe3 Rc8 20. Rc3 Rc5 21. b3 Qf6 22. h4 Bd7 23. Qh6 Bxb5 24. axb5 Rec8 25. Rf3 Qe7 26. Ra1 b6 27. h5 Re8 28. hxg6 fxg6 29. Qe3 1/2-1/2

[Event "Dortmund Sparkassen op-A 46th"]
[Site "Dortmund"]
[Date "2018.07.14"]
[Round "1"]
[White "Boecker, Juergen"]
[Black "Rendboe, John Filip"]
[Result "0-1"]
[WhiteElo "1877"]
[BlackElo "2109"]
[PlyCount "62"]
[EventDate "2018.07.14"]
[EventType "swiss"]
[EventRounds "9"]
[EventCountry "GER"]
[SourceTitle "CBM 185 Extra"]
[Source "ChessBase"]
[SourceDate "2018.07.29"]
[SourceVersion "1"]
[SourceVersionDate "2018.07.29"]
[SourceQuality "1"]

1. e4 c5 2. Nc3 Nc6 3. f4 g6 4. Nf3 Bg7 5. Bb5 Nd4 6. a4 Nxb5 7. axb5 d6 8. 0-0 e6 9. Qe2 Ne7 10. Nd1 0-0 11. c4 a6 12. Nc3 d5 13. d3 d4 14. Nd1 Bd7 15. bxa6 Rxa6 16. Rxa6 bxa6 17. Ne5 Bc8 18. Bd2 Qd6 19. Nf3 Nc6 20. Nf2 e5 21. fxe5 Nxe5 22. Bf4 f6 23. Rb1 Bd7 24. b3 Rb8 25. Nd2 h5 26. Nf3 a5 27. Nxe5 fxe5 28. Bc1 a4 29. Qc2 Qb6 30. Qb2 Qxb3 31. Nd1 Qxd1+ 0-1

[Event "Aarhus Chess House Summer op"]
[Site "Aarhus"]
[Date "2018.07.02"]
[Round "2"]
[White "Liu, Casper Yukun"]
[Black "Rendboe, John Filip"]
[Result "0-1"]
[WhiteElo "1988"]
[BlackElo "2129"]
[PlyCount "56"]
[EventDate "2018.07.01"]
[EventType "swiss"]
[EventRounds "7"]
[EventCountry "DEN"]
[SourceTitle "EXT 2020"]
[Source "ChessBase"]
[SourceDate "2019.10.17"]
[SourceVersion "1"]
[SourceVersionDate "2019.10.17"]
[SourceQuality "1"]

1. d4 d5 2. Nf3 Nf6 3. Bf4 c5 4. e3 e6 5. c3 Nc6 6. Bd3 Bd6 7. Bg3 0-0 8. Nbd2 b6 9. Ne5 Bb7 10. f4 Ne7 11. Bh4 Ne4 12. Qg4 f5 13. Qe2 a6 14. Ndf3 Qe8 15. Ng5 Ng6 16. Qh5 Nf6 17. Qf3 Nxh4 18. Qh3 h6 19. Qxh4 hxg5 20. fxg5 Bxe5 21. dxe5 Ne4 22. 0-0 Qg6 23. Rf4 Kf7 24. Bxe4 dxe4 25. Raf1 Rh8 26. Qf2 Qxg5 27. h4 Qe7 28. g4 Rxh4 0-1

[Event "Aarhus-chB"]
[Site "Aarhus"]
[Date "2018.02.16"]
[Round "1"]
[White "Guindy, Esmat Susanne"]
[Black "Rendboe, John Filip"]
[Result "1-0"]
[WhiteElo "2192"]
[BlackElo "2156"]
[PlyCount "75"]
[EventDate "2018.02.16"]
[EventType "tourn"]
[EventRounds "5"]
[EventCountry "DEN"]
[SourceTitle "CBM 183 Extra"]
[Source "ChessBase"]
[SourceDate "2018.04.19"]
[SourceVersion "1"]
[SourceVersionDate "2018.04.19"]
[SourceQuality "1"]

1. Nf3 Nf6 2. c4 c5 3. g3 g6 4. Bg2 Bg7 5. 0-0 0-0 6. Nc3 d5 7. cxd5 Nxd5 8. Qb3 Nb6 9. d3 Bd7 10. Be3 Na6 11. Rac1 Bc6 12. Nd2 Bxg2 13. Kxg2 Bd4 14. Bh6 Re8 15. Nde4 Bg7 16. Bxg7 Kxg7 17. Rfd1 h6 18. Nb5 Nd7 19. d4 c4 20. Qxc4 Nb6 21. Qb3 Rc8 22. Nc5 Qd5+ 23. Qxd5 Nxd5 24. Nxa7 Ra8 25. Nxa6 Rxa7 26. Nc7 Nxc7 27. Rxc7 Rxa2 28. Rxb7 Rc8 29. Rxe7 Rxb2 30. Re3 Rcc2 31. Kf3 h5 32. h4 Kf6 33. Rdd3 Rb7 34. Rc3 Rcb2 35. Rc6+ Kg7 36. d5 Rd7 37. Rd3 Rb5 38. e4 1-0

[Event "DEN-chT 1718 56th"]
[Site "Denmark"]
[Date "2018.02.11"]
[Round "7.8"]
[White "Rendboe, John Filip"]
[Black "Hansen, Lars"]
[Result "1/2-1/2"]
[WhiteElo "2127"]
[BlackElo "2243"]
[PlyCount "96"]
[EventDate "2017.11.18"]
[EventType "team-tourn"]
[EventRounds "9"]
[EventCountry "DEN"]
[SourceTitle "EXT 2019"]
[Source "ChessBase"]
[SourceDate "2018.10.10"]
[SourceVersion "1"]
[SourceVersionDate "2018.10.10"]
[SourceQuality "1"]
[WhiteTeam "Aarhus/Skolerne"]
[BlackTeam "Copenhagen 68"]
[WhiteTeamCountry "DEN"]
[BlackTeamCountry "DEN"]

1. c4 b6 2. d4 e6 3. Nf3 Bb7 4. e3 Nf6 5. Bd3 c5 6. 0-0 cxd4 7. exd4 Be7 8. Nc3 d5 9. cxd5 Nxd5 10. Re1 0-0 11. Ne4 Nd7 12. a3 N7f6 13. Qe2 Rc8 14. Bd2 Nc7 15. Rac1 Nxe4 16. Bxe4 Bxe4 17. Qxe4 Qd5 18. Qc2 Qb7 19. Qc6 Qa6 20. Qe4 Nd5 21. h4 Qb5 22. b4 Qa6 23. Ra1 Qa4 24. Ne5 Qc2 25. Qe2 Bxh4 26. g3 Bf6 27. Nxf7 Qg6 28. Ne5 Bxe5 29. Qxe5 Rc2 30. Re2 Qf5 31. Qxf5 Rxf5 32. Kf1 Rf8 33. Rd1 Kf7 34. Be1 Rxe2 35. Kxe2 Rc8 36. Kd3 b5 37. a4 bxa4 38. Ra1 Nb6 39. b5 g5 40. Ba5 Nc4 41. Bb4 h5 42. Bc5 Nb6 43. Bxb6 axb6 44. Rxa4 h4 45. gxh4 gxh4 46. d5 Rc5 47. dxe6+ Kxe6 48. Rxh4 Rxb5 1/2-1/2

[Event "Nordsjalland Weekend A"]
[Site "Allerod"]
[Date "2018.01.07"]
[Round "5"]
[White "Rendboe, John Filip"]
[Black "Kristensen, Kaare Hove"]
[Result "0-1"]
[WhiteElo "2140"]
[BlackElo "2284"]
[PlyCount "70"]
[EventDate "2018.01.05"]
[EventType "swiss"]
[EventRounds "5"]
[EventCountry "DEN"]
[SourceTitle "EXT 2019"]
[Source "ChessBase"]
[SourceDate "2018.10.10"]
[SourceVersion "1"]
[SourceVersionDate "2018.10.10"]
[SourceQuality "1"]

1. d4 d5 2. c4 e6 3. Nc3 c6 4. Nf3 Nf6 5. cxd5 exd5 6. Qc2 g6 7. Bg5 Be7 8. e3 Bf5 9. Bd3 Bxd3 10. Qxd3 Nbd7 11. 0-0 0-0 12. Rad1 Re8 13. a3 a5 14. Bxf6 Nxf6 15. Ne5 Bf8 16. f4 Bg7 17. f5 Rxe5 18. dxe5 Ng4 19. Qe2 Nxe5 20. Kh1 Qb6 21. e4 d4 22. Na4 Qa7 23. b3 d3 24. Qf2 Qxf2 25. Rxf2 Rd8 26. h3 Bf8 27. Ra2 b5 28. Nc3 Kg7 29. fxg6 hxg6 30. Kg1 Bxa3 31. Rxa3 b4 32. Rxa5 bxc3 33. Rc5 c2 34. Rd2 Ra8 35. Kf2 Ra1 0-1

[Event "Nordsjalland Weekend A"]
[Site "Allerod"]
[Date "2018.01.07"]
[Round "4"]
[White "Rendboe, John Filip"]
[Black "Teplyi, Igor"]
[Result "1/2-1/2"]
[WhiteElo "2140"]
[BlackElo "2420"]
[PlyCount "154"]
[EventDate "2018.01.05"]
[EventType "swiss"]
[EventRounds "5"]
[EventCountry "DEN"]
[SourceTitle "EXT 2019"]
[Source "ChessBase"]
[SourceDate "2018.10.10"]
[SourceVersion "1"]
[SourceVersionDate "2018.10.10"]
[SourceQuality "1"]

1. d4 Nf6 2. c4 e6 3. Nc3 Bb4 4. e3 b6 5. Nge2 Ne4 6. f3 Bxc3+ 7. bxc3 Nd6 8. Ng3 Qh4 9. Bd3 Nc6 10. 0-0 Ba6 11. Qe2 Na5 12. c5 Bxd3 13. Qxd3 Ndc4 14. Rb1 d5 15. cxd6 cxd6 16. e4 g6 17. f4 Qe7 18. f5 e5 19. Rb4 Rc8 20. Qf3 Rc7 21. Qg4 h5 22. Qf3 Kd7 23. Ne2 Kc8 24. g3 Re8 25. d5 Kb8 26. h4 Qd7 27. Kh2 Nb7 28. Qd3 Nca5 29. fxg6 fxg6 30. Rf6 Qg4 31. Kg2 Rg8 32. Qf3 Qxf3+ 33. Kxf3 Rd7 34. Be3 Nd8 35. Kg2 Kc7 36. Ng1 Rf7 37. Rxf7+ Nxf7 38. Nf3 Kd7 39. Nd2 Rc8 40. c4 Nd8 41. Kf3 Ndb7 42. Ke2 Nc5 43. Bxc5 Rxc5 44. Kd3 Rc8 45. Nf3 Ke7 46. Ng5 Rf8 47. Ke2 Rc8 48. Kd3 Nb7 49. Rb1 Nc5+ 50. Ke2 Nd7 51. Rb4 Nf6 52. Kd3 Nd7 53. Ne6 Nc5+ 54. Nxc5 Rxc5 55. Rb5 Rc8 56. a4 Kd7 57. a5 Kc7 58. a6 Rf8 59. Ke2 Kd7 60. Rb3 Kc7 61. Rb1 Kd7 62. Rb3 Rc8 63. Kd3 Ke7 64. Rb1 Rf8 65. Ke2 Rg8 66. Rb3 Rc8 67. Kd3 Kf6 68. Rb1 Kg7 69. Rb2 Rf8 70. Ke2 g5 71. Ke3 Kg6 72. Rf2 Rc8 73. Kd3 g4 74. Rf5 Rb8 75. Rg5+ Kh6 76. Rf5 Kg6 77. Rg5+ Kh6 1/2-1/2

[Event "Nordsjalland Weekend A"]
[Site "Allerod"]
[Date "2018.01.06"]
[Round "2"]
[White "Rendboe, John Filip"]
[Black "Kyrkjebo, Erlend"]
[Result "1-0"]
[WhiteElo "2140"]
[BlackElo "2145"]
[PlyCount "59"]
[EventDate "2018.01.05"]
[EventType "swiss"]
[EventRounds "5"]
[EventCountry "DEN"]
[SourceTitle "EXT 2019"]
[Source "ChessBase"]
[SourceDate "2018.10.10"]
[SourceVersion "1"]
[SourceVersionDate "2018.10.10"]
[SourceQuality "1"]

1. d4 Nf6 2. c4 e6 3. Nc3 Bb4 4. e3 b6 5. Nge2 Ba6 6. a3 Be7 7. Ng3 d5 8. b3 0-0 9. Be2 c6 10. 0-0 Nbd7 11. Bb2 Rc8 12. Rc1 Bd6 13. cxd5 Bxe2 14. Qxe2 cxd5 15. Qa6 Ng4 16. Nce2 Rxc1 17. Bxc1 Bb8 18. h3 Ngf6 19. Bd2 h5 20. Rc1 h4 21. Nf1 Re8 22. Bb4 Ne4 23. f3 Nef6 24. a4 e5 25. dxe5 Nxe5 26. Nd4 Qd7 27. f4 Ng6 28. Qb5 Qb7 29. a5 Ne4 30. Qxe8+ 1-0

[Event "Nordsjalland Weekend A"]
[Site "Allerod"]
[Date "2018.01.06"]
[Round "3"]
[White "Thorsbro, Peter"]
[Black "Rendboe, John Filip"]
[Result "1/2-1/2"]
[WhiteElo "2169"]
[BlackElo "2140"]
[PlyCount "66"]
[EventDate "2018.01.05"]
[EventType "swiss"]
[EventRounds "5"]
[EventCountry "DEN"]
[SourceTitle "EXT 2019"]
[Source "ChessBase"]
[SourceDate "2018.10.10"]
[SourceVersion "1"]
[SourceVersionDate "2018.10.10"]
[SourceQuality "1"]

1. d4 d5 2. c4 e6 3. Nc3 Be7 4. Nf3 Nf6 5. Bg5 0-0 6. e3 h6 7. Bxf6 Bxf6 8. cxd5 exd5 9. b4 c6 10. Bd3 Be6 11. 0-0 Nd7 12. Ne2 Re8 13. Rc1 a6 14. a4 Nf8 15. Nf4 Bd7 16. b5 axb5 17. axb5 g6 18. bxc6 bxc6 19. Nd2 Bg5 20. Ne2 Ra3 21. Nf3 Bf6 22. Rc3 Qe7 23. Qd2 Rea8 24. Rb1 Kg7 25. h3 Qd6 26. Rxa3 Rxa3 27. Nf4 Ne6 28. Nxe6+ Bxe6 29. Qc2 Rxd3 30. Qxd3 Bf5 31. Qb3 Bxb1 32. Qxb1 c5 33. dxc5 Qxc5 1/2-1/2

[Event "Nordsjalland Weekend A"]
[Site "Allerod"]
[Date "2018.01.05"]
[Round "1"]
[White "Moe, Mogens"]
[Black "Rendboe, John Filip"]
[Result "1-0"]
[WhiteElo "2212"]
[BlackElo "2140"]
[PlyCount "91"]
[EventDate "2018.01.05"]
[EventType "swiss"]
[EventRounds "5"]
[EventCountry "DEN"]
[SourceTitle "EXT 2019"]
[Source "ChessBase"]
[SourceDate "2018.10.10"]
[SourceVersion "1"]
[SourceVersionDate "2018.10.10"]
[SourceQuality "1"]

1. e4 c5 2. Nf3 Nc6 3. d4 cxd4 4. Nxd4 g6 5. Nc3 Bg7 6. Be3 Nf6 7. Nxc6 bxc6 8. e5 Ng8 9. f4 Nh6 10. Be2 Nf5 11. Bf2 h5 12. 0-0 d6 13. Bf3 Bd7 14. Re1 0-0 15. Rb1 Qc7 16. Qe2 Rab8 17. b4 a5 18. a3 axb4 19. axb4 dxe5 20. fxe5 Be6 21. Na4 Ba2 22. Rb2 Bd5 23. Bxd5 cxd5 24. Nc5 Rbd8 25. c3 d4 26. cxd4 Nxd4 27. Qe4 Nb5 28. Rc2 Na3 29. Ra2 Nb5 30. Qc4 Nd6 31. Qe2 Nf5 32. Qe4 e6 33. Na6 Qd7 34. Ra5 Rfe8 35. b5 Qd5 36. Qa4 Re7 37. b6 Qd2 38. Nc5 Nd4 39. Ra8 Rxa8 40. Qxa8+ Kh7 41. b7 Nc6 42. b8Q Nxb8 43. Qxb8 Qa5 44. Qd6 Rc7 45. Ne4 Rc8 46. Ng5+ 1-0

[Event "DEN-chT 1718 56th"]
[Site "Denmark"]
[Date "2017.11.18"]
[Round "1.5"]
[White "Andersen, Jackie"]
[Black "Rendboe, John Filip"]
[Result "1/2-1/2"]
[WhiteElo "2388"]
[BlackElo "2127"]
[PlyCount "125"]
[EventDate "2017.11.18"]
[EventType "team-tourn"]
[EventRounds "9"]
[EventCountry "DEN"]
[SourceTitle "CBM 181 Extra"]
[Source "ChessBase"]
[SourceDate "2017.12.12"]
[SourceVersion "1"]
[SourceVersionDate "2017.12.12"]
[SourceQuality "1"]
[WhiteTeam "Skanderborg Nordea"]
[BlackTeam "Aarhus/Skolerne"]
[WhiteTeamCountry "DEN"]
[BlackTeamCountry "DEN"]

1. d4 d5 2. Nf3 Nf6 3. Bf4 e6 4. e3 c5 5. c3 Nc6 6. Nbd2 Bd6 7. Bg3 0-0 8. Bd3 cxd4 9. exd4 Qc7 10. Qe2 g6 11. Ne5 Nh5 12. Ndf3 f6 13. Nxc6 bxc6 14. c4 Qa5+ 15. Kf1 Bf4 16. Kg1 Bd7 17. Qc2 Be8 18. a3 Rb8 19. Bf1 Rf7 20. b4 Qc7 21. Re1 Re7 22. Bh4 g5 23. Bg3 Bg6 24. Bd3 Bxd3 25. Qxd3 a5 26. Rb1 axb4 27. axb4 dxc4 28. Qxc4 Qd6 29. Ne1 Rd8 30. Rd1 Qd5 31. Qe2 Ng7 32. Nc2 Nf5 33. Rd3 e5 34. h4 e4 35. Ra3 Bxg3 36. hxg5 fxg5 37. Ra5 Qf7 38. fxg3 h6 39. g4 Ng3 40. Qe1 Nxh1 41. Kxh1 e3 42. Rf5 Qc4 43. Rc5 Qd3 44. Rxc6 Rf8 45. Qg3 Qf1+ 46. Kh2 Qf4 47. d5 e2 48. Re6 Rxe6 49. dxe6 Re8 50. Qxf4 gxf4 51. Kg1 Rxe6 52. Kf2 Kf7 53. Ne1 Kf6 54. Nf3 Ke7 55. Ke1 Re4 56. b5 Kd6 57. Ng1 Kc5 58. Nxe2 Kxb5 59. Kf2 Kc4 60. Kf3 Re3+ 61. Kf2 Re4 62. Kf3 Re3+ 63. Kf2 1/2-1/2

[Event "Mare di Fano op 6th"]
[Site "Fano"]
[Date "2017.07.29"]
[Round "1"]
[White "Rendboe, John Filip"]
[Black "Bartolozzi, Roberto"]
[Result "1-0"]
[WhiteElo "2175"]
[BlackElo "1925"]
[PlyCount "87"]
[EventDate "2017.07.29"]
[EventType "swiss"]
[EventRounds "9"]
[EventCountry "ITA"]
[SourceTitle "EXT 2018"]
[Source "ChessBase"]
[SourceDate "2017.10.13"]
[SourceVersion "1"]
[SourceVersionDate "2017.10.13"]
[SourceQuality "1"]

1. d4 d5 2. c4 dxc4 3. Nf3 a6 4. a4 Nf6 5. e3 e6 6. Bxc4 c5 7. 0-0 Nc6 8. Nc3 Be7 9. Qe2 0-0 10. Rd1 Qc7 11. dxc5 Bxc5 12. h3 Rd8 13. Rxd8+ Qxd8 14. e4 Bd7 15. e5 Ne8 16. Qe4 Nb4 17. Ng5 h6 18. Qh7+ Kf8 19. Nge4 Qc7 20. Nxc5 Qxc5 21. Qe4 Bc6 22. Be3 Qa5 23. Qd4 Nd5 24. Bxd5 Bxd5 25. b4 Qd8 26. Rd1 Rc8 27. Nxd5 exd5 28. Qxd5 Qxd5 29. Rxd5 Ke7 30. f4 Rc4 31. f5 Nc7 32. Rc5 Rxc5 33. Bxc5+ Ke8 34. Kf2 g6 35. g4 Nd5 36. a5 Nf4 37. Kg3 Nd3 38. Bd6 Nb2 39. Kf4 Nd3+ 40. Ke3 Ne1 41. Ke4 Ng2 42. Bc5 g5 43. Bf2 Kd7 44. Bg3 1-0

[Event "DEN-chT 1617 55th"]
[Site "Denmark"]
[Date "2017.01.07"]
[Round "4.4"]
[White "Nordenbaek, Jan"]
[Black "Rendboe, John Filip"]
[Result "1/2-1/2"]
[WhiteElo "2170"]
[BlackElo "2160"]
[PlyCount "73"]
[EventDate "2016.10.29"]
[EventType "team-tourn"]
[EventRounds "9"]
[EventCountry "DEN"]
[SourceTitle "EXT 2018"]
[Source "ChessBase"]
[SourceDate "2017.10.13"]
[SourceVersion "1"]
[SourceVersionDate "2017.10.13"]
[SourceQuality "1"]
[WhiteTeam "Hillerod"]
[BlackTeam "Aarhus/Skolerne"]
[WhiteTeamCountry "DEN"]
[BlackTeamCountry "DEN"]

1. d4 d5 2. Nf3 Nf6 3. c4 e6 4. Nc3 Be7 5. Bf4 0-0 6. e3 b6 7. cxd5 exd5 8. Bd3 c5 9. Ne5 Bb7 10. 0-0 Nc6 11. Qf3 cxd4 12. Nxc6 Bxc6 13. exd4 Qd7 14. Be5 Qg4 15. Rac1 Qxf3 16. gxf3 Nd7 17. Ne2 Nxe5 18. dxe5 Ba4 19. Nc3 Bc6 20. Ne2 Ba4 21. Ba6 Rad8 22. Rc7 Rd7 23. Rfc1 Bc5 24. Rxd7 Bxd7 25. a3 Rd8 26. b4 Bf8 27. Rc7 g5 28. Rxa7 Bg7 29. f4 gxf4 30. Nxf4 Bxe5 31. Nxd5 Bh3 32. Ne3 Rd6 33. Bc4 Rg6+ 34. Kh1 Rf6 35. Kg1 Rg6+ 36. Kh1 Rf6 37. Kg1 1/2-1/2